Slovník cudzích slov pre školu a prax /

Na minha lista:
Detalhes bibliográficos
Autor principal: Ivanová-Šalingová, Mária (Author)
Formato: Livro
Idioma:eslovaco
Publicado em: Bratislava : Slovenské pedagogické nakladateľstvo, 1988
Tags: Adicionar Tag
Sem tags, seja o primeiro a adicionar uma tag!

MARC

LEADER 00000nam a22000003a 4500
001 stu28914
005 20150617225738.2
008 950522s1988----xo------------------slo-d
040 |a STU  |b slo 
041 0 |a slo 
044 |a xo 
080 |a 8(038) 
100 1 |a Ivanová-Šalingová, Mária  |4 aut 
245 1 |a Slovník cudzích slov pre školu a prax /  |c [aut]Ivanová-Šalingová,Mária 
260 |a Bratislava :  |b Slovenské pedagogické nakladateľstvo,  |c 1988 
300 |a 519 s 
996 |c V*37383/O-15609  |l VV17  |s P  |a 0  |w stu28914_0001